Adult illiteracy in the united states:a report to the ford foundation . (Record no. 172174)
[ view plain ]
| 000 -LEADER | |
|---|---|
| fixed length control field | 00559nam a2200181Ia 4500 |
| 003 - CONTROL NUMBER IDENTIFIER | |
| control field | OSt |
| 005 - DATE AND TIME OF LATEST TRANSACTION | |
| control field | 20230516110826.0 |
| 008 - FIXED-LENGTH DATA ELEMENTS--GENERAL INFORMATION | |
| fixed length control field | 210423s1990 xx 000 0 und d |
| 040 ## - CATALOGING SOURCE | |
| Transcribing agency | AL |
| 041 ## - LANGUAGE CODE | |
| Language code of text/sound track or separate title | eng |
| 082 ## - DEWEY DECIMAL CLASSIFICATION NUMBER | |
| Classification number | 374 |
| Edition number | 23 |
| Item number | JOHA |
| 100 ## - MAIN ENTRY--PERSONAL NAME | |
| Personal name | JOHN HUNTER (Carman);HARMAN (David). |
| 9 (RLIN) | 104904 |
| 245 ## - TITLE STATEMENT | |
| Title | Adult illiteracy in the united states:a report to the ford foundation . |
| 260 ## - PUBLICATION, DISTRIBUTION, ETC. | |
| Place of publication, distribution, etc. | New Delhi |
| Name of publisher, distributor, etc. | Oxford University Press |
| Date of publication, distribution, etc. | 1990 |
| 365 ## - TRADE PRICE | |
| Currency code | INR |
| 906 ## - LOCAL DATA ELEMENT F, LDF (RLIN) | |
| a | Adult ; ford ; foundation ; illiteracy ; report ; states:a ; united |
| 942 ## - ADDED ENTRY ELEMENTS (KOHA) | |
| Source of classification or shelving scheme | Dewey Decimal Classification |
| Koha item type | Book |
| Withdrawn status | Lost status | Damaged status | Not for loan | Collection code | Home library | Current library | Date acquired | Source of acquisition | Total Checkouts | Full call number | Barcode | Date last seen | Price effective from | Koha item type |
|---|---|---|---|---|---|---|---|---|---|---|---|---|---|---|
| MSW | St Aloysius PG Library | St Aloysius PG Library | 11/29/2001 | Intel Book Distributers | 374 JOHA | PG018712 | 08/24/2022 | 04/26/2021 | Book |